History Quiz

Random History or Clickable Quiz

Click Your Way through the Preamble Quiz Stats

Quiz Updated Sep 17, 2015

Also try: Click Your Rights!
Challenge
Share
Tweet
Embed
Score 0/52 Timer 05:00
0 Plays Today
% Correct
???
100%
???
98.1%
???
63.5%
???
63%
???
55.1%
???
53.7%
???
52.6%
???
46.2%
???
45.1%
???
45%
???
44.8%
???
43.8%
???
43.6%
???
42.7%
???
41.1%
???
38.5%
???
36%
???
31.9%
???
29.8%
???
29.1%
???
26.7%
???
26.6%
???
25.8%
???
25.6%
???
24.4%
???
24.4%
% Correct
???
24.2%
???
23.8%
???
22%
???
20.6%
???
20.4%
???
20.1%
???
18.9%
???
17.5%
???
17.4%
???
17%
???
14.7%
???
14.6%
???
13.7%
???
13.7%
???
13%
???
12.7%
???
10.4%
???
9.2%
???
9%
???
8.6%
???
8.6%
???
8.3%
???
8.1%
???
7.5%
???
7.4%
???
6.9%

You're not logged in!

Compare scores with friends on all Sporcle quizzes.
Join for Free
OR
Log In

You Might Also Like...

Show Comments

Extras

Top Quizzes Today


Score Distribution

Your Account Isn't Verified!

In order to create a playlist on Sporcle, you need to verify the email address you used during registration. Go to your Sporcle Settings to finish the process.

Report this User

Report this user for behavior that violates our Community Guidelines.

Details: